Movies Quiz

Random Movies or Clickable Quiz

Movie Couples, Together Again Quiz Stats

Quiz Updated May 24, 2015

Challenge
Share
Tweet
Score 0/20 Timer 06:00
4 Plays Today
% Correct
Meg Ryan
89.4%
Drew Barrymore
87%
Julia Roberts
85.3%
Helena Bonham Carter
73.9%
Kate Winslet
70%
Jennifer Lopez
64.6%
Sandra Bullock
64%
Nicole Kidman
61.8%
Kate Hudson
60.7%
Kathleen Turner
54.8%
% Correct
Diane Keaton
53.6%
Cate Blanchett
52.2%
Anne Hathaway
50.8%
Rachel McAdams
44.6%
Goldie Hawn
44%
Emma Stone
41.7%
Katharine Hepburn
26.5%
Emma Thompson
24.8%
Lauren Bacall
24.3%
Ingrid Bergman
17.8%

You're not logged in!

Compare scores with friends on all Sporcle quizzes.
Sign Up with Email
OR
Log In

You Might Also Like...

Show Comments

Extras

Top Quizzes Today


Score Distribution

Your Account Isn't Verified!

In order to create a playlist on Sporcle, you need to verify the email address you used during registration. Go to your Sporcle Settings to finish the process.